[Event "Bosnjaci op 21st"]
[Site "Bosnjaci"]
[Date "2016.01.03"]
[Round "1"]
[White "Luketic, Ivan"]
[Black "Zaja, Ivan"]
[Result "0-1"]
[WhiteElo "1850"]
[BlackElo "2475"]
[PlyCount "106"]
[EventDate "2016.01.03"]
[EventType "swiss"]
[EventRounds "9"]
[EventCountry "CRO"]
[SourceTitle "CBM 170 Extra"]
[Source "ChessBase"]
[SourceDate "2016.02.25"]
[SourceVersion "1"]
[SourceVersionDate "2016.02.25"]
[SourceQuality "1"]

1. c4 b6 2. d4 Bb7 3. Nc3 e6 4. a3 f5 5. Nf3 Nf6 6. Bg5 Be7 7. h3 0-0 8. e3 Ne4 9. Bxe7 Qxe7 10. Bd3 Nxc3 11. bxc3 d6 12. 0-0 e5 13. Bc2 Nd7 14. Nh2 Qg5 15. d5 Ba6 16. Bd3 e4 17. Be2 Rf6 18. Kh1 Rg6 19. Rg1 Qh4 20. Qf1 Qf6 21. Rc1 Ne5 22. f4 exf3 23. Nxf3 Rg3 24. Qf2 Nxf3 25. Qxg3 Nxg1 26. Kxg1 Re8 27. Bd3 Bc8 28. Kf2 Bd7 29. Kf1 Re5 30. Kf2 g6 31. Re1 Kg7 32. Re2 c6 33. dxc6 Bxc6 34. Kg1 Ra5 35. Rf2 Re5 36. Qf4 Re8 37. Qd4 Qxd4 38. exd4 Re1+ 39. Rf1 Re3 40. Rd1 Ba4 41. Rd2 Re1+ 42. Kf2 Rc1 43. c5 bxc5 44. dxc5 dxc5 45. c4 Rd1 46. Rxd1 Bxd1 47. Ke3 Kf6 48. g3 g5 49. Bf1 Ke5 50. Kd2 Bf3 51. Ke3 Be4 52. Be2 f4+ 53. Kf2 Kd4 0-1